Point-Scoring F1 Constructors (1991-2000) - Statistics

General Stats
  • This quiz has been taken 124 times
  • The average score is 14 of 23
Answer Stats
Total Points Team Name Highest Constructors Championship Finish % Correct
851 Ferrari Champions (1999, 2000)
100%
1,094 Williams Champions (1992, 1993, 1994, 1996, 1997)
99%
938 McLaren Champions (1991, 1998)
98%
645 Benetton Champions (1995)
95%
233 Jordan 3rd (1999)
79%
21 Minardi 7th (1991)
73%
90 Sauber 6th (1998)
72%
45 Tyrrell 6th (1991, 1992)
70%
31 Prost 6th (1997)
68%
28 Lotus 5th (1992)
65%
47 Stewart 4th (1999)
65%
23 Arrows 7th (1998, 2000)
61%
81 Ligier 5th (1993, 1995)
59%
20 BAR 5th (2000)
58%
3 Brabham 10th (1991)
54%
4 Jaguar 9th (2000)
54%
2 Lola 11th (1991)
40%
25 Footwork 7th (1992)
33%
3 March 9th (1992)
28%
5 Larrousse 10th (1993)
26%
1 Leyton House 12th (1991)
25%
7 Dallara 8th (1991)
24%
1 Venturi 13th (1992)
9%
No matching quizzes found
Score Distribution
Percent of People with Each Score
Percentile by Number Answered
Your Score History
You have not taken this quiz